Актуальные проблемы осуществления коммуникативной функции русского языка студентами из стран Азиатско-Тихоокеанского региона; Успехи современного естествознания; № 5

Dades bibliogràfiques
Parent link:Успехи современного естествознания: научный журнал.— , 2001-
№ 5.— 2007.— [С. 81-83]
Autor principal: Шевелева С. И. Светлана Игоревна
Sumari:Заглавие с экрана
В настоящее время глобальной целью овладения иностранным языком считается приобщение к иной культуре и участие в диалоге культур. Эта цель достигается путём формирования некоторого количества компетенций, которые центрируются на развитии способности современного человека к межкультурной коммуникации. Цель преподавания русского языка как иностранного в техническом вузе - подготовка иностранных специалистов к полноценной межкультурной коммуникации с носителями языка.
Режим доступа: по договору с организацией-держателем ресурса
Idioma:rus
Publicat: 2007
Matèries:
Accés en línia:http://www.rae.ru/use/?section=content&op=show_article&article_id=7778124
http://elibrary.ru/item.asp?id=9925894
Format: MixedMaterials Electrònic Capítol de llibre
KOHA link:https://koha.lib.tpu.ru/cgi-bin/koha/opac-detail.pl?biblionumber=638472

MARC

LEADER 00000naa0a2200000 4500
001 638472
005 20250204104919.0
035 |a (RuTPU)RU\TPU\network\2836 
090 |a 638472 
100 |a 20150126d2007 k||y0rusy50 ca 
101 0 |a rus 
102 |a RU 
135 |a drcn ---uucaa 
181 0 |a i  
182 0 |a b 
200 1 |a Актуальные проблемы осуществления коммуникативной функции русского языка студентами из стран Азиатско-Тихоокеанского региона  |f С. И. Шевелева 
203 |a Текст  |c электронный 
300 |a Заглавие с экрана 
330 |a В настоящее время глобальной целью овладения иностранным языком считается приобщение к иной культуре и участие в диалоге культур. Эта цель достигается путём формирования некоторого количества компетенций, которые центрируются на развитии способности современного человека к межкультурной коммуникации. Цель преподавания русского языка как иностранного в техническом вузе - подготовка иностранных специалистов к полноценной межкультурной коммуникации с носителями языка. 
333 |a Режим доступа: по договору с организацией-держателем ресурса 
461 |t Успехи современного естествознания  |o научный журнал  |d 2001- 
463 |t № 5  |v [С. 81-83]  |d 2007 
610 1 |a электронный ресурс 
610 1 |a труды учёных ТПУ 
610 1 |a русский язык 
610 1 |a коммуникативная функция 
700 1 |a Шевелева  |b С. И.  |c лингвист  |c старший преподаватель Томского политехнического университета  |f 1972-  |g Светлана Игоревна  |3 (RuTPU)RU\TPU\pers\29165  |9 13791 
801 2 |a RU  |b 63413507  |c 20150126  |g RCR 
856 4 |u http://www.rae.ru/use/?section=content&op=show_article&article_id=7778124 
856 4 |u http://elibrary.ru/item.asp?id=9925894 
942 |c CF